000 00596nam a2200229Ia 4500
003 OSt
005 20221006165752.0
006 a|||||r|||| 00| 0
007 ta
008 221006b |||||||| |||| 00| 0 eng d
024 _a2,175
037 _cTextual
040 _aFML
_cFML
_beng
041 _2eng
_aeng
082 _aO15,1A1, 111K4
100 _aRaghavan T. S. Au.
245 0 _aLittle Ramayana
260 _aChennai
_bTeacher's Publication
_c1964
300 _a136
_ccm.
942 _hO15,1A1, 111K4
_cTEXL
_2CC
999 _c1121974
_d1121974